banner koha

Formulação de extrato aquoso de tremoço branco (Lupinus Albus L.)adicionado de suco de pitanga utilizando metodologia de superfície de resposta (Registro n. 219387)

MARC details
000 -LÍDER
campo de controle de tamanho fixo 00966nas a2200301 4500
001 - NÚMERO DE CONTROLE
campo de controle BR2012003717
003 - IDENTIFICADOR DO NÚMERO DE CONTROLE
campo de controle BR-BrBNA
005 - DATA E HORÁRIO DA ÚLTIMA TRANSAÇÃO
campo de controle 20231205120619.0
007 - CAMPO FIXO DE DESCRIÇÃO FÍSICA--INFORMAÇÃO GERAL
campo de controle de tamanho fixo ta
008 - CAMPO DE DADOS FIXOS--INFORMAÇÃO GERAL
campo de controle de tamanho fixo 230509b bl.|||p| |||| 00| 00por d
040 ## - FONTE DA CATALOGAÇÃO
Instituição da catalogação original BR-BrBNA
Idioma da catalogação por
Instituição que transcreveu o registro Biblioteca Nacional de Agricultura
041 ## - CÓDIGO DE IDIOMA
Código do idioma do texto/trilha sonora ou título diferente (Pt)
072 ## - CÓDIGO DE CATEGORIA DE ASSUNTO
Código de Categoria de Assunto Q02; Q04
100 1# - ENTRADA PRINCIPAL--NOME PESSOAL
Nome pessoal Botaro, J.A.
100 1# - ENTRADA PRINCIPAL--NOME PESSOAL
Nome pessoal Borsato, D.
100 1# - ENTRADA PRINCIPAL--NOME PESSOAL
Nome pessoal Batistuti, J.P.
245 1# - TÍTULO
Título Formulação de extrato aquoso de tremoço branco (Lupinus Albus L.)adicionado de suco de pitanga utilizando metodologia de superfície de resposta
650 ## - ASSUNTO--TERMO TÓPICO
Cabeçalho tópico ou nome geográfico PITANGA
650 ## - ASSUNTO--TERMO TÓPICO
Cabeçalho tópico ou nome geográfico POLPA
650 ## - ASSUNTO--TERMO TÓPICO
Cabeçalho tópico ou nome geográfico TREMOÇO
650 ## - ASSUNTO--TERMO TÓPICO
Cabeçalho tópico ou nome geográfico SUCO DE FRUTA
650 ## - ASSUNTO--TERMO TÓPICO
Cabeçalho tópico ou nome geográfico ANÁLISE ORGANOLÉPTICA
650 ## - ASSUNTO--TERMO TÓPICO
Cabeçalho tópico ou nome geográfico VALOR NUTRITIVO
650 ## - ASSUNTO--TERMO TÓPICO
Cabeçalho tópico ou nome geográfico TECNOLOGIA DE ALIMENTO
773 0# - ENTRADA ANALÍTICA
Título Alimentos e Nutrição (Brazil)
ISSN - International Standard Serial Number ISSN 0103-4235
Partes relacionadas (Jan-Mar 2011), v. 22(1) p. 155-163
Número de controle do registro BR2012003717
909 ## -
-- 202311
-- Lúcia
-- 55
-- Lúcia Elande
942 ## - ELEMENTOS DE ENTRADA ADICIONADOS (KOHA)
Fonte da classificação ou esquema de arquivamento na estante Classificação AGRIS
Ocultar no OPAC Não
Tipo de material Koha Analítica
Exemplares
Situação do descarte Fonte da classificação ou esquema de arquivamento na estante Situação física Não pode ser emprestado Biblioteca de origem Biblioteca atual Localização na estante Enumeração do periódico / cronologia Total de empréstimos Data de último acesso Número do exemplar Tipo de material Koha Fonte de aquisição
  Classificação AGRIS   Consulta local Biblioteca Nacional de Agricultura - Binagri Biblioteca Nacional de Agricultura - Binagri   (Jan-Mar 2011), v. 22(1) p. 155-163   29/11/2023 01 Periódicos Portaria Interministerial nº 164/94

BINAGRI

Telefone: (61)3218-2567/2388/3357/2097 - binagri@agro.gov.br

Ministério da Agricultura e Pecuária , Esplanada dos Ministérios, Bloco D, Anexo B, Brasília/DF, CEP: 70.043-900